Estadísticas para Máximos goleadores de la Primera División de España 2017-2018

Haz click aquí para intentar la prueba.

Estadísticas generales

  • Esta prueba ha sido intentada 38 veces
  • La puntuación promedio es 8 de 10

Estadísticas de respuestas

GolesNacionalidadEquipoJugador% Correcto
19FranciaAtlético de MadridAntoine Griezmann
100%
21UruguayGirona F. C.Christian Stuani
100%
26PortugalReal Madrid C. F.Cristiano Ronaldo
100%
16GalesReal Madrid C. F.Gareth Bale
100%
22EspañaR. C. Celta de VigoIago Aspas
100%
34ArgentinaF. C. BarcelonaLionel Messi
100%
25UruguayF. C. BarcelonaLuis Suárez
100%
18UruguayR. C. Celta de VigoMaxi Gómez
56%
16EspañaValencia C. F.Rodrigo Moreno
47%
16EspañaR. C. D. EspanyolGerard Moreno
42%

Distribución de puntuación

Porcentaje por número respondido

Porcentaje de gente con cada puntuación

Historial de tus puntuaciones

No has intentado esta prueba.